000 00366nam a22001457a 4500
005 20260413112846.0
008 260413b |||||||| |||| 00| 0 eng d
050 _aQM 25.M365 2013
100 _aMICHAEL MCKINLEY P.
245 _aANATOMY PHYSIOLOGY
260 _aNEWYORK
_bMCGRAWHILL
_c2013
300 _aX,1169
500 _aIONCLUDES AN INDEX
942 _2lcc
_cBK
999 _c216934
_d216934